| Поле | Инд. | ПП | Название | Значение |
|---|---|---|---|---|
| Тип записи | a | |||
| Библиографический уровень | m | |||
| 001 | Контрольный номер | RU/LIBMSTU/353431895 | ||
| 005 | Дата корректировки | 20200409124327.8 | ||
| 008 | Кодируемые данные | 110314|||||||||ru |||||||||||000|||rus|| | ||
| 020 | c | Цена, тираж | 150-00 | |
| 040 | b | Код языка каталог. | rus | |
| 041 | 0_ | a | Код языка текста | rus |
| 084 | a | Индекс другой классификации/Индекс ББК | 60+63.3(2)+65.9(2Рос)+60.52 | |
| 090 | a | Полочн. индекс | 60 | |
| x | Авторский знак | И 90 | ||
| 245 | 10 | a | Заглавие | История и современность глазами молодых |
| b | Продолж. заглавия | Россия в современном мире: история, экономика, политика, право, информационные технологии, экология, культура : материалы V Юбилейной междунар. науч.-практ. конф., Железнодорожный, 10 апр. 2010 г. | ||
| c | Ответственность | Федер. агентство по образованию, ГОУ ВПО "Рос. гос. гуманитар. ун-т", фил. РГГУ в г. Железнодорожном ; [Бакулев Н. В. и др. ; ред. А. А. Воронцова-Маралина, О. А. Воронцов] | ||
| 260 | a | Место издания | Москва | |
| b | Издательство | Изд-во РГГУ | ||
| c | Дата издания | 2010 | ||
| 300 | a | Объем | 281 с. | |
| 500 | 10 | a | Примечание | Авт. указаны на с. 277-281 |
| 504 | a | Библиография | Библиогр. в конце ст. | |
| 650 | 04 | a | Основная рубрика | Общественные науки-Конференции |
| 650 | 14 | a | Основная рубрика | Народное хозяйство-Российская Федерация-Конференции |
| 650 | 14 | a | Основная рубрика | История-Российская Федерация-Конференции |
| 651 | _4 | a | Географическое наименование | Россия |
| 653 | 0_ | a | Ключевые слова | История России |
| a | Ключевые слова | Культура мира | ||
| a | Ключевые слова | Народное хозяйство | ||
| a | Ключевые слова | Общественные науки | ||
| a | Ключевые слова | Поликультура | ||
| a | Ключевые слова | Технологии информационные | ||
| a | Ключевые слова | Экология | ||
| a | Ключевые слова | Экономика России | ||
| a | Ключевые слова | Этнолингвистика | ||
| 700 | 1_ | a | Другие авторы | Бакулев Н. В. |
| e | Роль лиц | авт. | ||
| 700 | 1_ | a | Другие авторы | Воронцова-Маралина А. А. |
| e | Роль лиц | ред. | ||
| 700 | 1_ | a | Другие авторы | Воронцов О. А. |
| e | Роль лиц | ред. | ||
| 901 | t | Тип документа | m |